Export of hazard (Record no. 521517)

MARC details
000 -LEADER
fixed length control field 00743nam a2200241Ia 4500
003 - CONTROL NUMBER IDENTIFIER
control field OSt
005 - DATE AND TIME OF LATEST TRANSACTION
control field 20220925192245.0
008 - FIXED-LENGTH DATA ELEMENTS--GENERAL INFORMATION
fixed length control field 220923b |||||||| |||| 00| 0 eng d
020 ## - INTERNATIONAL STANDARD BOOK NUMBER
International Standard Book Number 0710200722
037 ## - SOURCE OF ACQUISITION
Terms of availability General Book
040 ## - CATALOGING SOURCE
Original cataloging agency RTL
Transcribing agency RTL
Language of cataloging eng
041 ## - LANGUAGE CODE
Source of code eng
Language code of text/sound track or separate title eng
100 ## - MAIN ENTRY--PERSONAL NAME
Personal name Ives Jane H Ed.
9 (RLIN) 244516
245 #0 - TITLE STATEMENT
Title Export of hazard
Remainder of title Transnational corporations and e
260 ## - PUBLICATION, DISTRIBUTION, ETC.
Place of publication, distribution, etc. Boston
Name of publisher, distributor, etc. Routledge & Kegan Paul
Date of publication, distribution, etc. 1985
300 ## - PHYSICAL DESCRIPTION
Extent xviii, 229p. Bib p. 193-211,Appendixp. 213-23
Dimensions cm.
650 ## - SUBJECT ADDED ENTRY--TOPICAL TERM
Topical term or geographic name entry element Gas Industry
942 ## - ADDED ENTRY ELEMENTS (KOHA)
Classification part X9(F5594):54.1(X).N8, M5
Koha item type General Books
Source of classification or shelving scheme Colon Classification (CC)

No items available.

Copyright @ Delhi University Library System